000 00285nam a2200133 4500
008 181219b xxu||||| |||| 00| 0 eng d
020 _a9780534093600
041 _aeng
080 _a101
100 _a24
101 _aFIL
245 _aEthical Theory
_cPojman,L.P
942 _2ddc
_cBK
999 _c53510
_d53510